Whole life carbon assessments: (Record no. 121818)
[ view plain ]
| 000 -LEADER | |
|---|---|
| fixed length control field | 01214cam a22002295a 4500 |
| 008 - FIXED-LENGTH DATA ELEMENTS--GENERAL INFORMATION | |
| fixed length control field | 240305e20240301xxk fo 000 0 eng d |
| 041 0# - LANGUAGE CODE | |
| Language code of text/sound track or separate title | eng |
| 110 2# - MAIN ENTRY--CORPORATE NAME | |
| Corporate author | Royal Institution of Chartered Surveyors |
| 245 00 - TITLE STATEMENT | |
| Title | Whole life carbon assessments: |
| Subtitle | a guide for clients |
| Medium | [electronic resource] |
| 260 ## - PUBLICATION INFORMATION | |
| Place of publication | London, |
| Publisher | RICS, |
| Date | February 2024 |
| 300 ## - PHYSICAL DESCRIPTION | |
| Physical description | 14p |
| 490 #0 - SERIES TITLE | |
| Series statement | RICS Client Guide |
| 500 ## - GENERAL NOTE | |
| General note | Supports Whole life carbon assessment for the built environment Professional Statement ISBN 9781783215034 |
| 520 ## - ABSTRACT | |
| Abstract | A guide designed to facilitate understanding, endorsement, and adoption of the WLCA standard in markets across the world. The WLCA client guide will provide the details you need to procure and instruct providers to perform an assessment that helps reduce embodied and operational carbon emissions expected to be emitted over the entire life cycle of new builds and existing assets. |
| 650 24 - KEYWORDS | |
| Keywords | CARBON EMISSIONS |
| 650 24 - KEYWORDS | |
| Keywords | EN 15978 |
| 650 24 - KEYWORDS | |
| Keywords | WHOLE LIFE APPRAISAL |
| 651 #4 - SUBJECT ADDED ENTRY--GEOGRAPHIC NAME | |
| Geographic name | International |
| 690 ## - BROAD SUBJECT | |
| Broad subject | Quantity surveying |
| 9 (RLIN) | 6263 |
| 856 41 - ONLINE RESOURCE | |
| Uniform Resource Identifier | <a href="https://www.rics.org/content/dam/ricsglobal/documents/standards/WLCA-client-guide.pdf">https://www.rics.org/content/dam/ricsglobal/documents/standards/WLCA-client-guide.pdf</a> |
| Public note | Available on RICS.org |
| 942 ## - ADDED ENTRY ELEMENTS (KOHA) | |
| Suppress in OPAC | Do not suppress in OPAC |
| Lost status | Damaged status | Not for loan | Home library | Current library | Shelving location | Date acquired | Total Checkouts | Date last seen | Price effective from | Koha item type |
|---|---|---|---|---|---|---|---|---|---|---|
| Virtual | Virtual | Online | 05/03/2024 | 05/03/2024 | 05/03/2024 | Online material |